Mejoramiento de los estudios sociales
Guardat en:
| Autor principal: | |
|---|---|
| Format: | Llibre |
| Idioma: | espanyol |
| Publicat: |
Ciudad de México
UTEHA
1968
|
| Col·lecció: | Manual UTEHA Breve, Sección 17, 390
|
| Matèries: | |
| Etiquetes: |
Afegir etiqueta
Sense etiquetes, Sigues el primer a etiquetar aquest registre!
|
MARC
| LEADER | 00000nam a2200000 a 4500 | ||
|---|---|---|---|
| 001 | UCU0056 | ||
| 003 | CL-VaPUC | ||
| 008 | 960315e19680000MX |||||||||||||||||spa|d | ||
| 082 | 0 | 4 | |a 371.3 |b POL |2 21 |
| 100 | 0 | |a Polner, Murray |e author |9 355016 | |
| 245 | 1 | 0 | |a Mejoramiento de los estudios sociales |
| 300 | |a 94 p | ||
| 942 | |c BK | ||
| 945 | |d 19960315 00:00:00 |a cmena | ||
| 260 | |a Ciudad de México |b UTEHA |c 1968 | ||
| 650 | 0 | |a Métodos de enseñanza |9 270413 | |
| 650 | 7 | |a COMPORTAMIENTO DEL ALUMNO |2 CL-VaPUC |9 338060 | |
| 650 | 0 | |a Actitud del alumno |9 310214 | |
| 650 | 0 | |a Trastornos del aprendizaje |9 307969 | |
| 650 | 0 | |a Planificación de la educación |9 307333 | |
| 650 | 7 | |a MATERIAL Y EQUIPO DIDACTICOS |2 CL-VaPUC |9 309109 | |
| 650 | 7 | |a MATERIAL AUDIOVISUAL |2 CL-VaPUC |9 308466 | |
| 650 | 0 | |a Educación especial |9 307486 | |
| 583 | |a last modification |c 19960315 00:00:00 |k Rodrigo Vera | ||
| 490 | 0 | |a Manual UTEHA Breve, Sección 17, 390 | |
| 999 | |c 245006 |d 245004 | ||
| 952 | |0 0 |1 0 |4 0 |6 371_300000000000000_POL_1968 |7 0 |8 P |9 259332 |a BIBEDU |b BIBEDU |c BIBEDU_PB |d 2019-11-19 |i 1633163 |o 371.3 POL 1968 |p 1633163 |r 2024-01-25 |w 2019-11-19 |y BK |k EDU | ||